LEADER 01012cam0 2200289 450 001 E600200041523 005 20210603103114.0 100 $a20081028d1981 |||||ita|0103 ba 101 $aita 102 $aIT 200 1 $aDemocrazia, maggioranza e minoranze$fNorberto Bobbio$gClaus Offe$gSiro Lombardini 210 $aBologna$cIl Mulino$d1981 215 $a163 p.$d19 cm 225 2 $aUniversale paperbacks$v122 410 1$1001LAEC00015559$12001 $a*Universale paperbacks$v122 700 1$aBobbio$b, Norberto$3A600200057334$4070$024662 702 1$aOffe, Claus$3AF00013419$4070 702 1$aLombardini, Siro$3A600200031593$4070 801 0$aIT$bUNISOB$c20210603$gRICA 850 $aUNISOB 852 $aUNISOB$j320$m35845 912 $aE600200041523 940 $aM 102 Monografia moderna SBN 941 $aM 957 $a320$b000973$gSi$d35845$rAcquisto$1pregresso2$2UNISOB$3UNISOB$420081028130907.0$520191220120131.0$6Spinosa 996 $aDemocrazia, maggioranza e minoranze$9862759 997 $aUNISOB LEADER 01621nam0 22003131i 450 001 UON00259613 005 20231205103706.753 010 $a84-87143-35-0 100 $a20041215d2004 |0itac50 ba 101 $aspa 102 $aES 105 $a|||| ||||| 200 1 $aColonialismo e interaccion cultural$eel impacto fenicio punico en las sociedades autoctonas de occidente$eXVIII Jornadas de Arqueologia fenicio - punica (Eivissa, 2003)$fEditadas por Benjami Costa y Jordi H. Fernandez 210 $aEivissa$cMuseu Arqueologic d'Eivissa i Formentera$d2004 215 $a207 p.$cill.$d24 cm 316 $aMuseo Arqueologic d'Eivissa i Formentera$5IT-UONSI Q 6003054/2004 410 1$1001UON00087431$12001 $aTreballs del Museu Arqueològic d'Eivissa i Formentera$fDirector Jordi H. Fernandez Gomez$v54 606 $aCOLONIALISMO FENICIO PUNICO$3UONC055537$2FI 620 $dIbiza$3UONL001288 676 $a939.44$cFENICIA$v21 702 1$aCOSTA$bBenjamí$3UONV022994 702 1$aFERNANDEZ$bJordi H.$3UONV022990 712 $aMuseu Arqueologic d'Eivissa i Formentera$3UONV259647$4650 801 $aIT$bSOL$c20240220$gRICA 912 $aUON00259613 950 $aSIBA - SISTEMA BIBLIOTECARIO DI ATENEO$dSI AFR ARCH 177 $eSI AA 27802 5 177 950 $aSIBA - SISTEMA BIBLIOTECARIO DI ATENEO$dSI Q 6 003 054 2004 $eSI MC 28867 5 2004 Museo Arqueologic d'Eivissa i Formentera 996 $aColonialismo e interaccion cultural$91238199 997 $aUNIOR